Hoá học hữu cơ Phần bài tập. Dùng cho sinh viên khoa hoá các trường đại học, cao đẳng
Một số phương pháp dùng để nối mạch và giản mạch cacbon, các phản ứng chủ yếu của dẫn xuất halogen...và các bài tập kèm theo lời giải
Gardado en:
| Autor Principal: | |
|---|---|
| Formato: | Libro |
| Idioma: | Vietnamese |
| Publicado: |
H.
Khoa học và Kỹ thuật
2012
|
| Những chủ đề: | |
| Các nhãn: |
Engadir etiqueta
Sen Etiquetas, Sexa o primeiro en etiquetar este rexistro!
|
| Thư viện lưu trữ: | Mạng thư viện Đại học Đà Nẵng |
|---|
| LEADER | 01286nam a22003378a 4500 | ||
|---|---|---|---|
| 001 | 000018288 | ||
| 003 | 14716 | ||
| 005 | 20131007141054.0 | ||
| 008 | 131007s2012 b 000 0 vieod | ||
| 020 | |c 28000đ |d 1000b | ||
| 041 | 0 | |a vie | |
| 080 | |a 547(075.3) | ||
| 084 | |a D2z73 |b H401H | ||
| 100 | 1 | |a Ngô Thị Thuận | |
| 245 | 1 | 0 | |a Hoá học hữu cơ |b Phần bài tập. Dùng cho sinh viên khoa hoá các trường đại học, cao đẳng |c Ngô Thị Thuận |
| 260 | |a H. |b Khoa học và Kỹ thuật |c 2012 | ||
| 300 | |a 187 tr |c 27 cm. | ||
| 520 | |a Một số phương pháp dùng để nối mạch và giản mạch cacbon, các phản ứng chủ yếu của dẫn xuất halogen...và các bài tập kèm theo lời giải | ||
| 653 | |a Hoá học hữu cơ | ||
| 653 | |a Bài tập | ||
| 653 | |a Giáo trình | ||
| 774 | |a Ngô Thị Thuận |d Khoa học và Kỹ thuật |d H. |d 2012 |g T.1 |h 187 tr. |t Hoá học hữu cơ |w 14717 | ||
| 774 | |a Ngô Thị Thuận |d Khoa học và Kỹ thuật |d H. |d 2012 |g T.2 |h 211 tr. |t Hóa học hữu cơ |w 14718 | ||
| OWN | |a LSP | ||
| 999 | |a From the UDN01 | ||
| TYP | |a Monograph | ||
| TYP | |a Printed language | ||
| 980 | |a Mạng thư viện Đại học Đà Nẵng | ||